Internet & World Wide Web. (Record no. 7396)

MARC details
000 -LEADER
fixed length control field 00634nam a22002057a 4500
003 - CONTROL NUMBER IDENTIFIER
control field OSt
005 - DATE AND TIME OF LATEST TRANSACTION
control field 20211026113228.0
008 - FIXED-LENGTH DATA ELEMENTS--GENERAL INFORMATION
fixed length control field 211026b ||||| |||| 00| 0 eng d
020 ## - INTERNATIONAL STANDARD BOOK NUMBER
International Standard Book Number 9789352868599
040 ## - CATALOGING SOURCE
Transcribing agency DDC
082 ## - DEWEY DECIMAL CLASSIFICATION NUMBER
Classification number 006.76DEI 2018
100 ## - MAIN ENTRY--PERSONAL NAME
Personal name Deitel,Paul; Deitel,Harvey; Deitel,Abbey;
9 (RLIN) 15148
245 ## - TITLE STATEMENT
Title Internet & World Wide Web.
Remainder of title How To Program.
Statement of responsibility, etc. Edited by Deitel,Paul; Deitel,Harvey and Deitel,Abbey;
250 ## - EDITION STATEMENT
Edition statement 5th Ed.
260 ## - PUBLICATION, DISTRIBUTION, ETC. (IMPRINT)
Place of publication, distribution, etc. India.
Name of publisher, distributor, etc. Pearson.
Date of publication, distribution, etc. 2018.
300 ## - PHYSICAL DESCRIPTION
Extent 962p;
Other physical details ill;
Dimensions 25cm
504 ## - BIBLIOGRAPHY, ETC. NOTE
Bibliography, etc Includes; Index.
650 ## - SUBJECT ADDED ENTRY--TOPICAL TERM
Topical term or geographic name as entry element Information Communication Technology.
9 (RLIN) 15149
942 ## - ADDED ENTRY ELEMENTS (KOHA)
Source of classification or shelving scheme Dewey Decimal Classification
Koha item type Open Shelf
Holdings
Withdrawn status Lost status Source of classification or shelving scheme Damaged status Not for loan Home library Current library Source of acquisition Inventory number Total Checkouts Full call number Barcode Date last seen Date last checked out Koha item type Date acquired Price effective from
    Dewey Decimal Classification     MUST Main Library MUST Main Library Purchase 21/41583 2 006.76DEI 2018 2021-1548 06/03/2023 20/02/2023 Open Shelf    
    Dewey Decimal Classification     MUST Main Library MUST Main Library Purchase 24/42323   006.76DEI 2018 2024-22447 26/09/2024   Open Shelf 26/09/2024 26/09/2024